| 000 | 00708nam a22001337a 4500 | ||
|---|---|---|---|
| 040 | _cRUA | ||
| 082 | _aAGR KAN 2012 B052 Or.1 | ||
| 100 | _aKANG BUNTHORN | ||
| 245 | _aChemical fertilizer utilizationon hot chilli peper at the royal university of agriculture,(ការប្រើប្រាស់ជីគីមីទៅលើដំណាំម្ទេសដៃនាង ក្នុងស្ថានីយ៍ពិសោធន៍ នៃសាកលវិទ្យាល័យភូមិន្ទកសិកម្ម) | ||
| 260 |
_aphnom penh _bRUA _c2012 |
||
| 300 |
_ax, 40p. _cill. |
||
| 856 | _uhttps://drive.google.com/file/d/1Fr3bHzTrdKqHP87-KYQV7lwLdWxNhK2d/view?usp=sharing | ||
| 942 | _cAGR | ||
| 999 |
_c1228 _d1228 |
||